Chicago Bulls on Other Teams - Statistics

General Stats
  • This quiz has been taken 18 times
  • The average score is 13 of 29
Answer Stats
Picture Answer % Correct
Dennis Rodman
94%
Michael Jordan
94%
Horace Grant
88%
Derrick Rose
82%
Jalen Rose
82%
Scottie Pippen
82%
Steve Kerr
82%
Joakim Noah
76%
Toni Kukoc
71%
Carlos Boozer
59%
Luol Deng
59%
Kirk Hinrich
47%
Bob Love
41%
Charles Oakley
41%
Artis Gillmore
35%
B.J. Armstrong
35%
Ben Gordon
29%
Tyson Chandler
29%
Brad Miller
24%
Orlando Woolridge
24%
Chet Walker
18%
Dave Corzine
18%
Randy Brown
18%
Reggie Theus
18%
Bob Weiss
12%
Clem Haskins
6%
Dave Greenwood
6%
Tyrus Thomas
6%
Ricky Sobers
0%
No matching quizzes found
Score Distribution
Percent of People with Each Score
Percentile by Number Answered
Your Score History
You have not taken this quiz